Después de Germani (Registro nro. 3972)

Detalles MARC
000 -LEADER
fixed length control field 01632 a2200241 4500
001 - CONTROL NUMBER
control field 45561
005 - DATE AND TIME OF LATEST TRANSACTION
control field 20260407155728.0
008 - FIXED-LENGTH DATA ELEMENTS--GENERAL INFORMATION
fixed length control field 260407a1992 arg spa d
003 - CONTROL NUMBER IDENTIFIER
control field AR-UNSa-BCEJYS
040 ## - CATALOGING SOURCE
Original cataloging agency AR-UNSa-BCEJYS
Language of cataloging spa
Transcribing agency AR-UNSa-BCEJYS
080 ## - UNIVERSAL DECIMAL CLASSIFICATION NUMBER
Universal Decimal Classification number 316.3
Common auxiliary subdivision Estructura social. La sociedad como sistema social
020 ## - INTERNATIONAL STANDARD BOOK NUMBER
International Standard Book Number 950-12-5409-7
041 ## - LANGUAGE CODE
Language code of text/sound track or separate title spa
100 1# - MAIN ENTRY--PERSONAL NAME
Personal name Sautu, Ruth
245 10 - TITLE STATEMENT
Title Después de Germani
Name of part/section of a work Exploraciones sobre estructura social de la Argentina
264 #1 - PRODUCTION, PUBLICATION, DISTRIBUTION, MANUFACTURE, AND COPYRIGHT NOTICE
Place of production, publication, distribution, manufacture Buenos Aires :
Name of producer, publisher, distributor, manufacturer Paidós
Date of production, publication, distribution, manufacture, or copyright notice 1992
300 ## - PHYSICAL DESCRIPTION
Extent 278 p.
Dimensions 23 cm.
505 ## - FORMATTED CONTENTS NOTE
Formatted contents note Primera Parte : REPENSANDO LA OBRA DE GERMANI : 1. Modernización, antimodernización y estructura social : Reconsiderando a Gino Germani en el contexto actual / Irving Louis Horowitz – 2. La sociología de Gino Germani / Antonio Vitiello – 3. De historia y de sociología : la metáfora de la tortilla / Waldo Ansaldi - - Segunda Parte : PARTICIPACIÒN Y MOVILIZACIÒN POLÌTICA : 1. El peronismo, 1973 ( inédito) / Giono Germani – 2. El impacto inmigratorio sobre el sistema político Argentino / Torcuato S. Di Tella – 3. Sindicalización, participación y estructura ocupacional / Marta Panaia - - Tercera Parte : ESTRUCTURA ECONÒMICO-SOCIAL : 1. Estructura económico-social del sector agropecuario – 2. Estructura socioespacial urbana y procesos migratorios – 3. Estructura de clases, estructura y movilidad ocupacional.
590 ## - LOCAL NOTE (RLIN)
Local note niveau_biblio:m niveau_hierar:0
700 1# - ADDED ENTRY--PERSONAL NAME
Personal name Jorrat, Jorge Raúl
856 41 - ELECTRONIC LOCATION AND ACCESS
Uniform Resource Identifier <a href="https://www.biblioeco.unsa.edu.ar/pmb/images/libros/L127144.jpg">https://www.biblioeco.unsa.edu.ar/pmb/images/libros/L127144.jpg</a>
Link text Imagen de portada
Electronic format type image/jpeg
942 ## - ADDED ENTRY ELEMENTS (KOHA)
Koha item type
Existencias
Withdrawn status Lost status Damaged status Not for loan Home library Current library Shelving location Date acquired Total checkouts Full call number Barcode Date last seen Price effective from Koha item type
        Biblioteca Prof. Eusebio Cleto del Rey Biblioteca Prof. Eusebio Cleto del Rey   07/04/2026   316.3 J82 L127144 07/04/2026 07/04/2026 Libro